000 00327nam a2200133 i 4500
001 bg
100 1 _aLEBEDER, Nikolaj I.
245 0 _aNowy etap stosunków międzynarodowych /
_cNikolaj I. Lebeder.
260 _aWarszawa,
_c1978.
040 _cBPK
041 _apol
942 _cKS
008 s pl f |000 0 pol
999 _c9516
_d9516
856 _uhttp://koha.tu.koszalin.pl/cgi-bin/koha/opac-detail.pl?biblionumber=9516
_yKatalog online BPK